Loading...
| Science - Other | 0 | 6 | 1 | 0 | 55 | 81 | 94.50 | 1 | 5 | 10.79 | 38.18 |
| Social Science | 0 | 5 | 1 | 0 | 45 | 68 | 82.80 | 1 | 3 | 11.15 | 27.27 |
| History - American | 0 | 4 | 0 | 1 | 40 | 23 | 81.75 | 1 | 4 | 12.61 | 25.45 |
| Fine Arts - Classical Music | 0 | 4 | 0 | 0 | 40 | 99 | 108.25 | 0 | 4 | 4.05 | 19.09 |
| Fine Arts - Other | 0 | 4 | 0 | 1 | 40 | 47 | 88.50 | 1 | 4 | 11.67 | 28.18 |
| History - Other | 0 | 4 | 0 | 1 | 40 | 92 | 112.25 | 2 | 3 | 5.47 | 23.64 |
| Literature - World | 0 | 4 | 0 | 1 | 40 | 96 | 126.25 | 0 | 3 | 4.22 | 21.82 |
| Philosophy | 0 | 4 | 0 | 1 | 40 | 93 | 111.50 | 0 | 3 | 3.13 | 18.18 |
| Science - Physics | 0 | 5 | 3 | 2 | 35 | 90 | 114.00 | 1 | 5 | 3.71 | 30.91 |
| Literature - American | 0 | 4 | 1 | 1 | 35 | 83 | 108.00 | 2 | 2 | 8.49 | 21.82 |
| Fine Arts - Painting and Sculpture | 0 | 4 | 1 | 0 | 35 | 66 | 86.50 | 3 | 4 | 12.19 | 30.91 |
| History - World | 0 | 3 | 2 | 1 | 20 | 61 | 100.00 | 0 | 2 | 5.55 | 14.55 |
| Literature - European | 0 | 2 | 0 | 1 | 20 | 98 | 119.50 | 2 | 2 | 2.13 | 9.09 |
| Mythology | 0 | 3 | 2 | 0 | 20 | 87 | 93.33 | 1 | 3 | 8.41 | 23.64 |
| History - European | 0 | 3 | 2 | 2 | 20 | 100 | 110.33 | 0 | 2 | 2.15 | 13.64 |
| Science - Chemistry | 0 | 1 | 0 | 0 | 10 | 101 | 101.00 | 1 | 1 | 1.86 | 4.55 |
| Literature - British | 0 | 1 | 0 | 0 | 10 | 57 | 57.00 | 1 | 1 | 5.54 | 9.09 |
| Geography | 0 | 1 | 0 | 0 | 10 | 86 | 86.00 | 0 | 1 | 11.45 | 16.67 |
| Religion | 0 | 2 | 2 | 0 | 10 | 68 | 69.50 | 2 | 2 | 7.42 | 18.18 |
| Science - Biology | 0 | 1 | 1 | 0 | 5 | 91 | 91.00 | 1 | 1 | 2.53 | 4.55 |